| 000 | 01289cam a22003138i 4500 | ||
|---|---|---|---|
| 001 | 23389432 | ||
| 003 | GBCCL | ||
| 005 | 20241210115422.0 | ||
| 008 | 231117s2024 miu b 001 0 eng | ||
| 020 |
_a9781540966186 _q(paperback) |
||
| 020 |
_z9781493444199 _q(ebook) |
||
| 020 |
_z9781493444205 _q(pdf) |
||
| 040 |
_aDLC _beng _erda _cDLC _dDLC |
||
| 082 | 0 | 0 |
_a248.4 _223/eng/20231206 _bDAV |
| 100 | 1 |
_aDavis, Lanta, _eauthor. |
|
| 245 | 1 | 0 |
_aBecoming by beholding : _bthe power of the imagination in spiritual formation / _cLanta Davis. |
| 263 | _a2404 | ||
| 264 | 1 |
_aGrand Rapids, Michigan : _bBaker Academic, a division of Baker Publishing Group, _c[2024] |
|
| 300 | _apages cm | ||
| 336 |
_atext _btxt _2rdacontent |
||
| 337 |
_aunmediated _bn _2rdamedia |
||
| 338 |
_avolume _bnc _2rdacarrier |
||
| 504 | _aIncludes bibliographical references. | ||
| 520 |
_a"This book restores the imagination to its central role in spiritual formation by recovering key works from the Christian tradition so readers can experience the formative power of the imagination for themselves"-- _cProvided by publisher. |
||
| 650 | 0 | _aSpiritual formation. | |
| 906 |
_a7 _brip _corignew _d1 _eecip _f20 _gy-gencatlg |
||
| 942 |
_2ddc _cBK _n0 |
||
| 999 |
_c10541 _d10541 |
||